| 000 | 00533cam a22001812 4500 | ||
|---|---|---|---|
| 001 | 0000009425 | ||
| 005 | 20151217160119.0 | ||
| 008 | 081027s xx 000 0 eng d | ||
| 020 |
_a0333001745 : _cKES 221.25 |
||
| 040 |
_aKABU _cKABU |
||
| 100 | 1 |
_aEliot, George. _@0000160883 |
|
| 245 | 1 | 0 |
_aSilas marner / _cGeorge Eliot; retold in simple English by Katherine Lang. |
| 260 |
_aLondon : _bMacmillan Education, _c1955. |
||
| 300 | _a98 p. | ||
| 908 | _a081027 | ||
| 950 | _@1 | ||
| 999 |
_c14470 _d14470 |
||